| 000 | 00356nam a22001457a 4500 | ||
|---|---|---|---|
| 999 |
_c11081 _d11081 |
||
| 003 | OSt | ||
| 008 | 220208b ||||| |||| 00| 0 eng d | ||
| 100 | _aSANDHU,Rakesh K | ||
| 245 | _aText book of Herbal Drug Technology | ||
| 250 | _a1st | ||
| 260 |
_aNew Delhi _bPaging Publication _c2020 |
||
| 300 | _apg512 | ||
| 650 | _aPharmacognosy | ||
| 942 |
_2ddc _cBK |
||